Normal view MARC view
  • Ott, J. Bevan.

Entry Personal Name

Number of records used in: 4

001 - CONTROL NUMBER

  • control field: 8644

003 - CONTROL NUMBER IDENTIFIER

  • control field: NUST

005 - DATE AND TIME OF LATEST TRANSACTION

  • control field: 20180118115112.0

008 - FIXED-LENGTH DATA ELEMENTS

  • fixed length control field: 180118|| aca||aabn | a|a d

040 ## - CATALOGING SOURCE

  • Original cataloging agency: NUST
  • Transcribing agency: NUST

100 ## - HEADING--PERSONAL NAME

  • Personal name: Ott, J. Bevan.

670 ## - SOURCE DATA FOUND

  • Source citation: Work cat.: (NUST)30250: Ott, J. Bevan., Chemical thermodynamics :, 2000.
© 2023 Central Library, National University of Sciences and Technology. All Rights Reserved.